Statistics for A Series of Unfortunate Events: The Count Olaf Quiz

Click here to take the quiz!

General Stats

  • This quiz has been taken 9 times
  • The average score is 7 of 17

Answer Stats

HintAnswer% Correct
General KnowledgeTattooed on his ankle.Eye
100%
General KnowledgeTwo sets of orphans he terrorizes.Baudelaires
80%
General KnowledgeTwo sets of orphans he terrorizes.Quagmires
80%
General KnowledgeOrganization he was part of.VFD
80%
Love InterestsEsme Squalor
60%
AliasesEpisodes 9/10Coach Genghis
40%
Love InterestsGeorgina Orwell
40%
AliasesEpisodes 11/12Gunther
40%
Love InterestsKit Snicket
40%
AliasesEpisodes 7/8Shirley
40%
AliasesEpisodes 3/4Stephano
40%
General KnowledgeDistinguishable facial feature.Unibrow
40%
AliasesEpisodes 5/6Captain Sham
20%
AliasesEpisode 2Yessica Haircut
20%
AliasesEpisodes 13/14Detective Dupin
0%
AliasesEpisodes 15/16Mathias
0%
General KnowledgeWeapon that made him an orphan.Poison Darts
0%

Score Distribution

Percentile by Number Answered

Percent of People with Each Score

Your Score History

You have not taken this quiz